00854cam a2200241 i 4500001000800000005001700008008004100025040002300066082001200089245009200101260010100193300001800294490001700312650003300329700002900362700002800391700002800419700003200447700003000479942000600509952008400515999001300599361538520240130052314.0800304s1973 ph b b 000 0 eng  aDLCcDLCdDLCdWaU00a30622200aBukidnon :bpolitics and religion /cedited by Alfonso de Guzman II, Esther M. Pacheco. aQuezon City :bPublished for the Institute of Philippine Culture by the Ateneo de Manila,c1973. axvi, 114 p. :1 aIPC papers ; 0aBukidnon (Philippine people)1 aGuzman, Alfonso de.eedt1 aPacheco, Esther M.eedt12aCullen, Vincent G.eedt12aBiernatzki, William E.eedt12aClaver, Francisco F.eedt cL 001040708LaWERCLbWERCLd2024-01-30l0o306p326r2024-01-30w2024-01-30yL c243d243